Ossaakko nää Oulua? - murretesti - Statistics

Yleistilastot
  • Tätä visaa on pelattu 323 kertaa
  • Keskiarvotulos 13 / 33
Vastaustilastot
Oulu Suomi % Oikein
poliisi polliisi
81%
kahvi kahavi
74%
lehmä lehemä
69%
metsä mettä
66%
vihreä viheriävihiriä
66%
meidän meijän
63%
pimeä pimiä
61%
päin pahki
60%
peruna pottu
57%
karkki kompiainen
55%
linja-auto onnikka
53%
olla tapana ruukata
50%
tahmea tahamia
49%
ajaa aijjaa
48%
itkeä märistä
47%
etkö sinä tiedä ekkö nää tiijä
43%
olehan hiljaa ooppa hilijaa
42%
sipuli lööki
30%
jutella, puhua poristaraatata
29%
en tiedä emmää tiijä
26%
luitko sinä lukkiikko nää
26%
pilkkoa pilikkua
26%
rikkalapio kihiveli
25%
ahnehtia rohomuta
24%
käsipyyhe hantuuki
21%
olla muina miehinä olla ölövinä
20%
pullapitko leeta
16%
housujen vetoketju litsit
11%
haarukka kahaveli
9%
mekko läninki
7%
taksi pirssi
7%
muuten vain vasiten
6%
turha ilimanaikunen
3%
Ehtoja vastaavia visoja ei löytynyt
Tulosjakauma
Jokaisen tuloksen saaneiden osuus
Persentiili vastausten määrän mukaan
Tuloshistoriasi
Et ole pelannut tätä visaa